| 000 | 00779 a2200205 4500 | ||
|---|---|---|---|
| 999 |
_c3417 _d3417 |
||
| 020 | _a0844258687 (student text) | ||
| 020 | _a0844258695 (instructor's ed.) | ||
| 050 | 0 | 0 | _aPN2037 CAS 1997 |
| 100 | 1 |
_aCassady, Marsh, _d1936- |
|
| 245 | 1 | 0 |
_aTheatre : _ban introduction / _cMarsh Cassady. |
| 264 |
_aNTC Publishing Group _bIllinois _c1997 |
||
| 300 |
_a416 p. : _bill. ; |
||
| 500 | _aIncludes Index | ||
| 504 | _aIncludes bibliographical references (p. 384-395) | ||
| 650 | 0 | _aTheater. | |
| 650 | 0 | _aDrama. | |
| 856 | 4 | 2 |
_3Contributor biographical information _uhttp://www.loc.gov/catdir/enhancements/fy0737/94068799-b.html |
| 942 |
_2lcc _cBK _h2037 _iCAS _kPN |
||